[Event "SWE-ch"]
[Site "Ronneby"]
[Date "1998.10.26"]
[Round "3"]
[White "Gianfrancesco, A."]
[Black "Arias, J."]
[Result "1-0"]
[WhiteElo "2675"]
[BlackElo "2550"]
[PlyCount "73"]
[EventDate "1998.07.??"]
[Source "www.chesslib.no"]
[SourceDate "2004.05.04"]

1. d4 d5 2. c4 dxc4 3. Nf3 Nf6 4. e3 e6 5. Bxc4 c5 6. Qe2 a6 7. dxc5 Bxc5 8. O-O O-O 9. e4 Nc6 10. e5 Nd7 11. Bf4 Be7 12. Nc3 b5 13. Bd3 Nc5 14. Bc2 Nd4 15. Nxd4 Qxd4 16. Ne4 Nxe4 17. Bxe4 Rb8 18. Rfd1 Qb6 19. Be3 Qc7 20. Rac1 Qxe5 21. Bd4 Qg5 22. Ba7 Rb7 23. Be3 Qh4 24. Bxb7 Bxb7 25. Rd4 Qf6 26. f3 Bd5 27. b3 Bd6 28. Qd2 Be5 29. Rg4 h5 30. Rg5 g6 31. f4 Bb8 32. Rf1 Rd8 33. Bb6 Rc8 34. Bd4 b4 35. Qf2 Be4 36. Rc5 Rxc5 37. Bxc5 1-0

[Event "Reggio Emilia 71/398"]
[Site "?"]
[Date "1997.??.??"]
[Round "?"]
[White "Lputian, Smbat G"]
[Black "Komarov, Dimitri"]
[Result "1/2-1/2"]
[WhiteElo "2585"]
[BlackElo "2600"]
[PlyCount "80"]
[EventDate "1997.??.??"]
[Source "ChessBase"]
[SourceDate "1997.10.01"]

1. d4 d5 2. c4 dxc4 3. Nf3 Nf6 4. e3 e6 5. Bxc4 c5 6. Qe2 Nc6 7. O-O cxd4 8. exd4 Be7 9. Nc3 O-O 10. Rd1 Na5 11. Bd3 b6 12. Bg5 Bb7 13. h4 Rc8 14. Rac1 h6 15. Bxf6 Bxf6 16. h5 Re8 17. b4 Bxf3 18. Qxf3 Nc6 19. Nb5 Nxd4 20. Qe4 Rxc1 21. Rxc1 Kf8 22. Nxa7 Qd7 23. Nc6 Nxc6 24. Rxc6 Rd8 25. Bf1 Bd4 26. a4 Qd5 27. Qxd5 Rxd5 28. Be2 Ke7 29. Bf3 Rd6 30. Rc7+ Rd7 31. Rc4 Be5 32. a5 bxa5 33. bxa5 Rc7 34. Rxc7+ Bxc7 35. a6 Bb6 36. g4 f5 37. Kg2 Kd6 38. Kg3 Kc7 39. Be2 fxg4 40. Bxg4 Kb8 1/2-1/2

[Event "Yerevan (ol)"]
[Site "?"]
[Date "1996.??.??"]
[Round "?"]
[White "Lautier, J."]
[Black "Spangenberg, Hugo"]
[Result "0-1"]
[WhiteElo "2620"]
[BlackElo "2555"]
[PlyCount "76"]
[EventDate "1996.??.??"]
[Source "ChessBase"]
[SourceDate "1996.06.01"]

1. d4 d5 2. c4 dxc4 3. Nf3 Nf6 4. e3 e6 5. Bxc4 c5 6. Qe2 a6 7. dxc5 Bxc5 8. e4 b5 9. Bd3 Nc6 10. a3 Ng4 11. O-O Qc7 12. g3 O-O 13. Nc3 Bb7 14. Bf4 e5 15. Nd5 Qd6 16. Bd2 f5 17. Bc3 Rae8 18. b4 Nd4 19. Bxd4 Bxd4 20. Nxd4 exd4 21. Qa2 Kh8 22. f3 Ne5 23. Qb3 Bxd5 24. exd5 Rc8 25. f4 Rc3 26. fxe5 Qxe5 27. Qd1 Qe3+ 28. Kh1 Rxd3 29. Qe1 Rd2 30. Qxe3 dxe3 31. Rae1 e2 32. Rf2 Re8 33. Kg2 g6 34. Kf3 Kg7 35. d6 Rxd6 36. Rfxe2 Rd3+ 37. Kf4 Rxe2 38. Rxe2 Kf6 0-1

[Event "FRA-chT 9900"]
[Site "France"]
[Date "2000.02.06"]
[Round "3.2"]
[White "Gofshtein, Leonid D"]
[Black "Komarov, Dimitri"]
[Result "1/2-1/2"]
[WhiteElo "2580"]
[BlackElo "2568"]
[PlyCount "22"]
[EventDate "2000.02.04"]
[Source "www.chesslib.no"]
[SourceDate "2004.05.04"]

1. d4 d5 2. c4 dxc4 3. Nf3 Nf6 4. e3 e6 5. Bxc4 c5 6. O-O Nc6 7. Qe2 cxd4 8. Rd1 Be7 9. exd4 O-O 10. Nc3 Na5 11. Bd3 b6 1/2-1/2

[Event "Reggio Emilia"]
[Site "?"]
[Date "1996.??.??"]
[Round "?"]
[White "Komarov, D."]
[Black "Godena, M."]
[Result "1/2-1/2"]
[WhiteElo "2595"]
[BlackElo "2550"]
[PlyCount "80"]
[EventDate "1996.??.??"]
[Source "ChessBase"]
[SourceDate "1997.06.01"]

1. d4 d5 2. c4 dxc4 3. Nf3 Nf6 4. e3 e6 5. Bxc4 c5 6. Qe2 a6 7. dxc5 Bxc5 8. O-O Nbd7 9. e4 b5 10. Bd3 Bb7 11. a4 bxa4 12. Nc3 a3 13. bxa3 O-O 14. Bf4 Nh5 15. Bd2 Qc7 16. Rab1 Ra7 17. e5 Bxf3 18. Qxf3 g6 19. Be2 Nxe5 20. Qh3 Nf6 21. Rbc1 Ned7 22. Na4 Qe5 23. Nxc5 Qxe2 24. Be3 Rc7 25. Bd4 Rfc8 26. Nxd7 Nxd7 27. Rxc7 Rxc7 28. Qh4 Rc8 29. Qe7 Qb5 30. h4 e5 31. Be3 Qd5 32. Rb1 h5 33. Rb2 Nf8 34. Rb6 a5 35. a4 Rd8 36. Rb5 Qd1+ 37. Kh2 Qxa4 38. Rxe5 Qd7 39. Qxd7 Rxd7 40. Rxa5 Ne6 1/2-1/2

[Event "Beer Sheba"]
[Site "?"]
[Date "1997.??.??"]
[Round "11"]
[White "Mikhalevski Alexander"]
[Black "Kortschnoj Viktor"]
[Result "1/2-1/2"]
[WhiteElo "2470"]
[BlackElo "2635"]
[PlyCount "35"]
[EventDate "1997.??.??"]
[Source "www.chesslib.no"]
[SourceDate "2004.05.04"]

1. d4 d5 2. c4 dxc4 3. Nf3 e6 4. e3 Nf6 5. Bxc4 c5 6. Qe2 cxd4 7. exd4 a6 8. O-O Be7 9. Nc3 O-O 10. Rd1 b5 11. Bb3 Bb7 12. Bc2 Nbd7 13. Bb1 Qe8 14. Bf4 Bc6 15. Bg6 Bd8 16. Re1 Ne4 17. Bc7 e5 18. Rad1 1/2-1/2